Requisitos constitucionales que debe cumplir la autoridad fiscal para la emisión de una orden de visita domiciliaria /
Tallennettuna:
| Päätekijä: | |
|---|---|
| Aineistotyyppi: | Opinnäyte Kirja |
| Kieli: | espanja |
| Aiheet: | |
| Tagit: |
Ei tageja, Lisää ensimmäinen tagi!
|
MARC
| LEADER | 00000nam^a2200000^a^4500 | ||
|---|---|---|---|
| 001 | 000180769 | ||
| 005 | 20250521000000.0 | ||
| 009 | 20260310101909.19 | ||
| 037 | |a Acervo ITESO - Biblioteca | ||
| 041 | |a ESP | ||
| 090 | |a DER. 633 | ||
| 100 | |a Guzmán Ramos, Bárbara Mariana |e (autor) | ||
| 245 | 1 | 0 | |a Requisitos constitucionales que debe cumplir la autoridad fiscal para la emisión de una orden de visita domiciliaria / |c B.M. Guzmán Ramos. |
| 264 | |a Guadalajara, México : |b edición de autor, |c 2005 | ||
| 300 | |a 1 disco compacto de computadora | ||
| 336 | |a datos para computadora |b cod |2 rdacontenido | ||
| 337 | |a computadora |b c |2 rdamedio | ||
| 338 | |a disco de computadora |b cd |2 rdasoporte | ||
| 502 | |a ITESO Tesis de Licenciatura en Derecho | ||
| 649 | |a XX | ||
| 650 | |a Actos Administrativos - |z México | ||
| 650 | |a Derecho Fiscal - |z México | ||
| 650 | |a Derecho Público - |z México | ||
| 650 | |a Derecho Constitucional - |z México | ||
| 650 | |a Derecho Público - |z México | ||
| 910 | |a Fondo General | ||
| 920 | |a Electrónicos - Tesis del ITESO en Disco | ||
| 905 | |a 202 | ||
| 901 | |a 0500257818 |b IT2 |c STS |u 20250521 | ||
| 902 | |a https://opac.biblio.iteso.mx/vufind/Record/000180769 | ||